Dora and the baby crab / (Record no. 3734)

MARC details
000 -LEADER
fixed length control field 01090cam a2200325 a 4500
001 - CONTROL NUMBER
control field 3734
003 - CONTROL NUMBER IDENTIFIER
control field FISKH
005 - DATE AND TIME OF LATEST TRANSACTION
control field 20240425145332.0
008 - FIXED-LENGTH DATA ELEMENTS--GENERAL INFORMATION
fixed length control field 070730s2008 nyua j 000 1 eng
010 ## - LIBRARY OF CONGRESS CONTROL NUMBER
LC control number 2007026222
020 ## - INTERNATIONAL STANDARD BOOK NUMBER
International Standard Book Number 9781416954514 (pbk.)
020 ## - INTERNATIONAL STANDARD BOOK NUMBER
International Standard Book Number 1416954511 (pbk.)
040 ## - CATALOGING SOURCE
Original cataloging agency DLC
Transcribing agency DLC
Modifying agency DLC
Language of cataloging eng
050 ## - LIBRARY OF CONGRESS CALL NUMBER
Classification number PZ7.L323817
082 ## - DEWEY DECIMAL CLASSIFICATION NUMBER
Classification number 199
100 1# - MAIN ENTRY--PERSONAL NAME
Personal name Larsen, Kirsten.
245 10 - TITLE STATEMENT
Title Dora and the baby crab /
Statement of responsibility, etc. by Kirsten Larsen ; illustrated by Robert Roper.
260 ## - PUBLICATION, DISTRIBUTION, ETC.
Place of publication, distribution, etc. New York :
Name of publisher, distributor, etc. Simon Spotlight/Nick Jr.,
Date of publication, distribution, etc. 2008.
300 ## - PHYSICAL DESCRIPTION
Extent 24 unnumbered pages :
Other physical details color illustrations ;
Dimensions 23 cm
490 0# - SERIES STATEMENT
Series statement Ready-to-read
500 ## - GENERAL NOTE
General note "Based on the TV series Dora the Explorer, as seen on Nick Jr."--T.p. verso.
520 ## - SUMMARY, ETC.
Summary, etc. "Read along as Dora and Boots help Baby Crab bring a shell necklace to his mother!"
521 8# - TARGET AUDIENCE NOTE
Target audience note 100<br/>
Source Lexile <br/>
521 8# - TARGET AUDIENCE NOTE
Target audience note B<br/>
Source Raz-Plus <br/>
650 ## - SUBJECT ADDED ENTRY--TOPICAL TERM
Topical term or geographic name entry element Dora
Form subdivision Adventure
General subdivision Crab
700 1# - ADDED ENTRY--PERSONAL NAME
Personal name Roper, Robert
Fuller form of name Illustrator
906 ## - LOCAL DATA ELEMENT F, LDF (RLIN)
a 7
b cbc
c orignew
d 1
e ecip
f 20
g y-gencatlg
942 ## - ADDED ENTRY ELEMENTS (KOHA)
Source of classification or shelving scheme Dewey Decimal Classification
Koha item type Books
Suppress in OPAC No
Holdings
Withdrawn status Lost status Source of classification or shelving scheme Damaged status Not for loan Collection Home library Current library Shelving location Date acquired Total Checkouts Full call number Barcode Date last seen Date last checked out Price effective from Koha item type
    Dewey Decimal Classification     Juvenile Fiction Footprints International School Library Network Toul Kork Campus Footprints International School Library Network Toul Kork Campus TK Primary Library Room(4th Floor), Bookcase 7, Shelves 57-60, Dark Green Books 04/25/2024 1 LAR 199 PZ7.L323817 FISTK01186 04/02/2025 02/04/2025 04/25/2024 Books